Principios de química
Uloženo v:
| Hlavní autoři: | , |
|---|---|
| Médium: | Kniha |
| Jazyk: | španělština |
| Vydáno: |
Barcelona
Montaner y Simón
1966
|
| Témata: | |
| Tagy: |
Přidat tag
Žádné tagy, Buďte první, kdo vytvoří štítek k tomuto záznamu!
|
MARC
| LEADER | 00000nam a2200000 a 4500 | ||
|---|---|---|---|
| 001 | UCP2943 | ||
| 003 | CL-VaPUC | ||
| 008 | 990604e19660000SP |||||||||||||||||spa|d | ||
| 082 | 0 | 4 | |a 540 |b HIL |2 21 |
| 100 | |a Hildebrand, Joel H |e author |9 429969 | ||
| 700 | 0 | |a Powell, Richard E |e author |9 429970 | |
| 245 | 1 | 0 | |a Principios de química |
| 300 | |a 385 p | ||
| 942 | |c BK | ||
| 945 | |d 19990604 00:00:00 |a cmena | ||
| 260 | |a Barcelona |b Montaner y Simón |c 1966 | ||
| 650 | 0 | |a Química |9 259896 | |
| 650 | 0 | |a Propiedades químicas |9 345805 | |
| 650 | 0 | |a Reacciones químicas |9 259438 | |
| 650 | 0 | |a Cinética química |9 344779 | |
| 583 | |a last modification |c 20180403 11:25:26 |k Rodrigo Vera | ||
| 999 | |c 281405 |d 281403 | ||